| 000 | 00652cab a2200265 4500 | ||
|---|---|---|---|
| 001 | X766 | ||
| 008 | 090401t1993 xxu||||| |||| 00| 0 eng d | ||
| 035 | _a(Sirsi) u67372 | ||
| 041 | _aeng | ||
| 100 | _aPannell, B. | ||
| 245 | 4 | _aThe Scottish housing and savings markets in 1992 | |
| 260 | _c1993 | ||
| 350 | _a0 | ||
| 490 |
_aHousing Finance _v(18) May 1993, 24-31(8) |
||
| 650 | _aHOUSE PRICES | ||
| 650 | _aHOUSE BUILDING | ||
| 650 | _aHOUSING ASSOCIATIONS | ||
| 650 | _aHOUSING POLICY | ||
| 650 | _aMORTGAGES | ||
| 650 | _aRENTED HOUSING | ||
| 650 | _aSCOTLAND | ||
| 690 | _aHOUSING-FINANCE | ||
| 942 | _n0 | ||
| 948 | _c04/03/1997 | ||
| 999 |
_c42165 _d42165 |
||